Задачи по высшей математике, теории вероятностей, математической статистике, математическому программированию с решениями: учебное пособие

Chi tiết về thư mục
Tác giả chính: Шапкин А. С. Александр Сергеевич
Tác giả khác: Шапкин В. А. Виктор Александрович
Tóm tắt:На тит. л. один автор
Материал охватывает вопросы программы курса высшей математики: общий курс, теория вероятностей и математическая статистика, математическое программирование. Пособие является руководством к решению задач по основам высшей математики и содержит задачи для контрольных работ. Перед каждым параграфом дан необходимый справочный материал. Все задачи приводятся с подробными решениями. В конце разделов даны решения типовых задач контрольных работ. Отдельные задачи иллюстрированы соответствующими рисунками. Для студентов инженерно-экономических специальностей вузов.
Ngôn ngữ:Tiếng Nga
Được phát hành: Москва, Дашков и К, 2011
Phiên bản:7-е изд.
Những chủ đề:
Định dạng: Sách
KOHA link:https://koha.lib.tpu.ru/cgi-bin/koha/opac-detail.pl?biblionumber=202322

MARC

LEADER 00000nam0a2200000 4500
001 202322
005 20231101225101.0
010 |a 9785394008856 
035 |a (RuTPU)RU\TPU\book\220478 
035 |a RU\TPU\book\87299 
035 |a RU\TPU\book\91006 
090 |a 202322 
100 |a 20051102d2011 m y0rusy50 ca 
101 0 |a rus 
102 |a RU 
105 |a a j 001zy 
200 1 |a Задачи по высшей математике, теории вероятностей, математической статистике, математическому программированию с решениями  |e учебное пособие  |f А. С. Шапкин, В. А. Шапкин 
205 |a 7-е изд. 
210 |a Москва  |c Дашков и К  |d 2011 
215 |a 432 с.  |c ил. 
300 |a На тит. л. один автор 
320 |a Библиогр.: с. 428. 
330 |a Материал охватывает вопросы программы курса высшей математики: общий курс, теория вероятностей и математическая статистика, математическое программирование. Пособие является руководством к решению задач по основам высшей математики и содержит задачи для контрольных работ. Перед каждым параграфом дан необходимый справочный материал. Все задачи приводятся с подробными решениями. В конце разделов даны решения типовых задач контрольных работ. Отдельные задачи иллюстрированы соответствующими рисунками. Для студентов инженерно-экономических специальностей вузов. 
451 1 |0 (RuTPU)RU\TPU\book\87299  |y 5-94798-570-5  |t Задачи по высшей математике, теории вероятностей, математической статистике, математическому программированию с решениями  |o учебное пособие  |f А. С. Шапкин  |c М.  |n Дашков и К  |d 2005  |p 431 с.  |a Шапкин, Александр Сергеевич 
512 1 |a Задачи с решениями по высшей математике, теории вероятностей, математической статистике, математическому программированию 
606 1 |a Математика высшая  |2 stltpush  |3 (RuTPU)RU\TPU\subj\3986  |9 32308 
610 1 |a теория вероятностей 
610 1 |a математическая статистика 
610 1 |a математическое программирование 
610 1 |a задачи 
610 1 |a решения 
610 1 |a аналитическая геометрия 
610 1 |a векторная алгебра 
610 1 |a линейная алгебра 
610 1 |a дифференциальное исчисление 
610 1 |a интегральное исчисление 
610 1 |a дифференциальные уравнения 
610 1 |a учебные пособия 
675 |a 51(076)  |v 3 
700 1 |a Шапкин  |b А. С.  |g Александр Сергеевич 
701 1 |a Шапкин  |b В. А.  |g Виктор Александрович 
801 1 |a RU  |b 63413507  |c 20111010 
801 2 |a RU  |b 63413507  |c 20130801  |g RCR 
900 |a Высшая математика 
942 |c BK 
951 |b 231300 
959 |a 89/20111010  |d 5  |e 198,00  |f ЧЗТЛ:1  |f АНЛ:1  |f УФ:3